| 000 | 02377nam a22002657a 4500 | ||
|---|---|---|---|
| 003 | Uzh_bibl | ||
| 008 | 240916b |||||||| |||| 00| 0 ukr d | ||
| 020 |
_a978-617-614-715-2 _c230.00 |
||
| 040 | _bукр. | ||
| 041 |
_2ukr _aukr |
||
| 080 | _a821(477) | ||
| 090 |
_a821(477) _bС 51 |
||
| 100 | _aСкуловатова,Олена | ||
| 245 |
_aЯк заробити на дрон _cіл.Ю.Мархішуд _hТекст |
||
| 260 |
_aЧернівці _bКниги ХХІ _c2025 |
||
| 300 |
_a208 с. _bіл. _fВ опр. |
||
| 490 | _aСерія"Клуб юних бізнесменів" | ||
| 520 | _aЗ початком повномасштабного вторгнення росіян Руся з родиною переїжджає до села. Там спокійно, але сумно. Одначе її брату Тарові вдається під’єднатись до інтернету. Так підлітки дізнаються, що їхній друг Влад збирає гроші на дрон для тата, якого мобілізували до війська. Руся і Тар не можуть залишатися осторонь. Їм доводиться винаходити нові способи заробітку. Допомагає в цьому їхня подруга Нат. Вона виїхала з дідусем до Німеччини, але справжній дружбі відстань не завада. Нові виклики, нові знайомства, неочікувані зустрічі — усе це чекає на Клуб юних бізнесменів. І, звісно, багато нових знань з економіки та бізнесу. Книжка «Як заробити на дрон» — продовження економічної повісті «Як заробити на канікулах», проте її можна читати як самостійний твір. Джерело: https://nashformat.ua/products/yak-zarobyty-na-dron-955018 | ||
| 521 | _aДля дітей та юнацтва | ||
| 546 | _aукр. | ||
| 650 | _aЛітературно-художне видання | ||
| 653 |
_aПідлітки _aБізнес _aПрибуток _aРозвиток |
||
| 655 | _vекономічна повість | ||
| 942 |
_2udc _cBK |
||
| 999 |
_c17774 _d17774 |
||